Paroles - Victoria, Indochine - Statistiques

Statistiques générales
  • Ce quiz a été pris 44 fois
  • Le résultat moyen est 117 sur 178
Statistiques - réponses
Réponse % Correct
a
92%
à
92%
et
92%
Et
92%
le
92%
de
88%
les
88%
ça
83%
Ce
83%
C'est
83%
c'est
83%
jour
83%
nuit
83%
On
83%
on
83%
rien
83%
Victoria
83%
comme
79%
nos
79%
peur
79%
pour
79%
un
79%
vies
79%
vivra
79%
combat
75%
du
75%
miens
75%
Nous
75%
nous
75%
qui
75%
La
71%
la
71%
anges
67%
ceux
67%
mal
67%
sans
67%
serons
67%
tiens
67%
verra
67%
mais
63%
mon
63%
n'aura
63%
son
63%
vivent
63%
You
63%
you
63%
ferons
58%
Oh ! oh ! oh ! oh !
58%
Oh ! oh ! oh ! oh ! oh !
58%
Diable
54%
osera
54%
peines
54%
que
54%
sang
54%
suivent
54%
sur
54%
vaincrons
54%
bal
50%
en
50%
Mentir
50%
more
50%
sale
50%
sera
50%
voir
50%
feel
46%
héros
46%
Imagine
46%
n'est
46%
nuits
46%
pire
46%
triste
46%
visages
46%
chaos
42%
dragons
42%
terre
42%
fièvre
38%
glas
38%
go
38%
ira
38%
Let's
38%
rêves
38%
sonnent
38%
want
38%
corps
33%
front
33%
haines
33%
Innocents
33%
vers
33%
croisera
29%
Défendent
25%
How
25%
Aucun quiz correspondant
Distribution des résultats
% des personnes avec chaque résultat
Percentile par nombre de réponses
Votre historique - résultats
Vous n’avez pas pris ce quiz